Sotto il sole di mezzanotte : autrici e protagoniste della letteratura scandinava per l'infanzia /

Gespeichert in:
Bibliographische Detailangaben
Körperschaft: Biblioteca italiana delle donne
Weitere Verfasser: Tartarini, Giampaola (Herausgegeben von), Grilli, Monica (Herausgegeben von)
Format: Abschlussarbeit Buch
Sprache:Italienisch
Veröffentlicht: Bologna : Centro di documentazione delle donne, stampa 1997
Schriftenreihe:Le letture di Sofia ; 2
Schlagworte:
Tags: Tag hinzufügen
Keine Tags, Fügen Sie das erste Tag hinzu!

MARC

LEADER 00000nam a22000007ia4500
001 IT\ICCU\MOD\0257325
003 ItRI
005 20260115232406.0
008 010330s1997 it |||||| |||||0|||||c
040 |b ita  |c importazione bologna sebina 
041 7 |a ita  |2 ISO-639-2 
130 0 |a Sotto il sole di mezzanotte  |3 IT\ICCU\UBO\4877455 
245 0 0 |a Sotto il sole di mezzanotte :  |b autrici e protagoniste della letteratura scandinava per l'infanzia /  |c a cura di Monica Grilli e Giampaola Tartarini. 
260 |a Bologna :  |b Centro di documentazione delle donne,  |c stampa 1997 
300 |a 47 p. :  |b ill. ;  |c 21x21 cm 
500 |a In copertina: Biblioteca di Sofia dedicata alla letteratura per bambine e ragazze 
500 |a Contiene saggi sulle scrittrici per l'infanzia: Karin Michaëlis, Astrid Lindgren, Tove Jansson, Selma Lagerlöf, Maria Gripe 
502 |a Contiene saggi sulle scrittrici per l'infanzia: Karin Michaëlis, Astrid Lindgren, Tove Jansson, Selma Lagerlöf, Maria Gripe. 
650 7 |a Scrittrici scandinave  |x Sec. 20.  |2 scbi 
650 7 |a Letteratura per ragazzi  |x Autrici scandinave  |x Sec. 20.  |2 scbi 
700 1 |a Tartarini, Giampaola  |0 IT\ICCU\RAVV\099294  |4 edt 
700 1 |a Grilli, Monica  |0 IT\ICCU\UBOV\099814  |4 edt 
710 2 |a Biblioteca italiana delle donne  |0 IT\ICCU\RERV\205215 
774 0 |w IT\ICCU\UFE\1072786  |t Karin Michaëlis  |a Ziliotto, Donatella  |0 IT\ICCU\CFIV\023942 
791 2 |a Centro di documentazione, ricerca ed iniziativa delle donne (Bologna)  |3 IT\ICCU\CFIV\069898  |y Biblioteca italiana delle donne 
791 2 |a Biblioteca delle donne (Bologna)  |3 IT\ICCU\UBOV\024492  |z Biblioteca italiana delle donne 
791 2 |a Centro delle donne città di Bologna.  |b Biblioteca italiana delle donne  |3 IT\ICCU\UBOV\026473  |z Biblioteca italiana delle donne 
791 2 |a Biblioteca del Centro di documentazione delle donne (Bologna)  |3 IT\ICCU\UBOV\026474  |z Biblioteca italiana delle donne 
830 3 |a Le letture di Sofia ;  |v 2  |0 IT\ICCU\MOD\0236301 
942 |2 ddc  |c BK  |n 0 
952 |0 0  |1 0  |4 0  |6 DOC_839_500000000000000_GRI  |7 0  |9 25300  |a BO  |b BO  |d 2026-01-15  |i 5754  |l 0  |o DOC 839.5 GRI  |p BO5754  |r 2026-01-15 23:24:06  |w 2026-01-15  |x [Sebina 5] [1 v.]  |y BK  |z 1 v. 
999 |c 21494  |d 21494